[Event "XXV OOM - Mistrzostwa Polski Juniorow Mlodszych - Dziewczeta do lat 14"]
[Site "Sielpia"]
[Date "1899-12-30"]
[Round "7.7"]
[White "Anyz, Monika"]
[Black "Obrochta, Lena"]
[Result "0-1"]
[WhiteTitle "I+"]
[BlackTitle "I+"]
[WhiteElo "1424"]
[BlackElo "1704"]

1. e4 e5 2. Nf3 d6 3. d4 Nd7 4. Nc3 Be7 5. Bc4 c6 6. a4 Ngf6 7. O-O O-O 8. h3 b6
9. Be3 Bb7 10. dxe5 dxe5 11. Qe2 a6 12. Rfd1 Qc7 13. Kh1 b5 14. axb5 axb5 15.
Bb3 b4 16. Na2 Nxe4 17. Bb6 Nxb6 18. Qxe4 c5 19. Qxe5 Qxe5 20. Nxe5 Bf6 21. Nd7
Nxd7 22. Rxd7 Bc8 23. Rc7 Be6 24. Rxc5 Bxb3 25. cxb3 Ra6 26. Rc2 g6 27. g4 Rfa8
28. Kg2 Rxa2 29. Rxa2 Rxa2 30. Kf3 Rxb2 31. Rxb2 Bxb2 32. Ke4 Kf8 33. f3 Ke7 34.
Kf4 Bc1+ 35. Ke4 Ke6 36. Kd4 f5 37. Kc4 Ke5 38. Kxb4 Kf4 39. gxf5 gxf5 40. Kc4
Kxf3 41. Kd3 Be3 42. b4 Bb6 43. h4 Kg4 44. Ke2 Kxh4 45. Kf3 Kg5 46. b5 h5 47.
Kg3 f4+ 48. Kf3 h4 49. Kg2 Kg4 50. Kh2 f3 51. Kh1 f2 52. Kg2 h3+ 53. Kh2 Kf3 0-1

[Event "XXV OOM - Mistrzostwa Polski Juniorow Mlodszych - Dziewczeta do lat 14"]
[Site "Sielpia"]
[Date "1899-12-30"]
[Round "7.8"]
[White "Mezykowska, Emilia"]
[Black "Miranowska, Anna"]
[Result "0-1"]
[WhiteTitle "I"]
[BlackTitle "I"]
[WhiteElo "1579"]
[BlackElo "1331"]

1. e4 c6 2. Nc3 d5 3. Nf3 Bg4 4. h3 Bxf3 5. Qxf3 dxe4 6. Nxe4 Nd7 7. Qe3 e6 8.
d4 Ngf6 9. Ng3 Bd6 10. Nf5 Qa5+ 11. c3 Qxf5 12. Bd3 Qa5 13. g4 O-O-O 14. b4 Qc7
15. Qe2 Nd5 16. Qc2 e5 17. a3 exd4 18. cxd4 Rde8+ 19. Kf1 Re7 20. Bd2 Bf4 21.
Bxf4 Nxf4 22. Be4 Rhe8 23. Bf3 Kb8 24. Rc1 Qb6 25. a4 Qxd4 26. b5 Qd3+ 27. Qxd3
Nxd3 28. Rc3 Re1+ 29. Kg2 Rxh1 30. Kxh1 Re1+ 31. Kg2 N3e5 32. bxc6 bxc6 33. Bxc6
Nxc6 34. Rxc6 Ra1 35. Rc4 Nb6 36. Re4 Rxa4 37. Re7 Rf4 38. Kg3 Rf6 39. g5 Rg6
40. h4 f6 41. Kg4 fxg5 42. h5 Rf6 43. f3 h6 44. Rxg7 a5 45. Rg6 Nd7 46. Rg8+ Kb7
47. Rg7 Kc7 48. Re7 a4 49. Re3 Ra6 50. Ra3 Nf6+ 51. Kh3 Nxh5 52. Ra2 a3 53. Ra1
a2 54. Kh2 Kc6 55. Kg2 Kd5 56. Kh3 Kc4 57. f4 Nxf4+ 58. Kg3 Kc3 59. Kf3 Kb2 60.
Rxa2+ Rxa2 0-1

[Event "XXV OOM - Mistrzostwa Polski Juniorow Mlodszych - Dziewczeta do lat 14"]
[Site "Sielpia"]
[Date "1899-12-30"]
[Round "7.9"]
[White "Bukala, Weronika"]
[Black "Slusarczyk, Milena"]
[Result "1/2-1/2"]
[WhiteTitle "I"]
[BlackTitle "I+"]
[WhiteElo "1234"]
[BlackElo "1509"]

1. d4 d5 2. c4 e6 3. Nc3 Nf6 4. Bg5 Be7 5. e3 O-O 6. Nf3 Nbd7 7. cxd5 Nxd5 8. Nxd5
exd5 9. Bxe7 Qxe7 10. Bd3 Nf6 11. O-O Bg4 12. Rc1 c6 13. h3 Bh5 14. Rc5 Bg6 15.
Bxg6 hxg6 16. Ne5 Qe8 17. f3 Nd7 18. Nxd7 Qxd7 19. Qa4 Rfe8 20. Re1 f5 21. Qc2
Re6 22. Qd3 Rae8 23. Rc3 Qe7 24. g3 Kf7 25. Kg2 Qf6 26. Rb3 Qe7 27. Rc3 Kg8 28.
f4 Re4 29. Kf2 Kf7 30. h4 Rh8 31. Rh1 Rc8 32. Qe2 Re8 33. h5 Qf6 1/2-1/2

[Event "XXV OOM - Mistrzostwa Polski Juniorow Mlodszych - Dziewczeta do lat 14"]
[Site "Sielpia"]
[Date "1899-12-30"]
[Round "7.10"]
[White "Dallemura, Anna"]
[Black "Szczotka, Matylda"]
[Result "1/2-1/2"]
[WhiteTitle "I"]
[BlackTitle "I"]
[WhiteElo "1482"]
[BlackElo "1301"]

1. e4 e5 2. Nf3 Nc6 3. Bb5 a6 4. Ba4 Nf6 5. d3 d6 6. O-O g6 7. h3 Bg7 8. Bxc6+
bxc6 9. Re1 O-O 10. Nbd2 Qe8 11. Nf1 Be6 12. Bd2 Rb8 13. Qc1 Qd7 14. Ng3 Rb7 15.
b3 Ra8 16. Rf1 c5 17. Bg5 Ne8 18. Qd2 c6 19. Rae1 Nc7 20. a4 f6 21. Be3 Qe7 22.
Qa5 Bf7 23. Nd2 Ne6 24. Nc4 Nd4 25. Bxd4 cxd4 26. Ne2 Bxc4 27. dxc4 Bh6 28. f4
Rba7 29. Rf3 Rf8 30. Qb6 Qc7 31. Qxc7 Rxc7 32. Ref1 Rcf7 33. fxe5 dxe5 34. g4
Bg5 35. Ng3 Bh4 36. Rb1 Bxg3 37. Rxg3 Rb7 38. b4 Rfb8 39. Rgb3 Kf7 40. Kf2 Ke7
41. Ke2 Kd6 42. Kd3 Rf8 43. Rf1 Ke6 44. c3 Rd8 45. Kd2 Rbd7 46. Rf3 dxc3+ 47.
Kxc3 Rd4 48. Re3 Rb8 49. Kc2 Rxc4+ 50. Rec3 Rcxb4 51. Rxc6+ Kf7 52. Rxb4 Rxb4
53. Rxa6 Rxe4 54. Ra7+ Ke6 55. Ra6+ Kd5 56. Rxf6 Rxa4 57. Rf7 h5 58. gxh5 gxh5
59. Rf5 Rh4 60. Rf3 Ke4 61. Rb3 Kf4 62. Kd2 Kf5 63. Ke2 Rf4 64. Rb5 Rh4 65. Rb3
Rf4 66. Rb5 Rh4 67. Rb3 Rf4 68. Rf3 Rxf3 69. Kxf3 Kg5 70. Kg3 e4 71. h4+ Kf5 72.
Kf2 Kg5 1/2-1/2

[Event "XXV OOM - Mistrzostwa Polski Juniorow Mlodszych - Dziewczeta do lat 14"]
[Site "Sielpia"]
[Date "1899-12-30"]
[Round "7.11"]
[White "Jedrzejko, Martyna"]
[Black "Skolska, Emilia"]
[Result "1-0"]
[WhiteTitle "I"]
[BlackTitle "I"]
[WhiteElo "1466"]
[BlackElo "1300"]

1. e4 e5 2. Nf3 Nc6 3. Bc4 Bc5 4. c3 d6 5. d4 exd4 6. cxd4 Bb6 7. Bb5 Bd7 8. Nc3
Nf6 9. O-O O-O 10. h3 Re8 11. Re1 Ba5 12. Qd3 Nb4 13. Qb1 Bxb5 14. Nxb5 Nc2 15.
Qxc2 Bxe1 16. Nxe1 Rxe4 17. Be3 c6 18. Nc3 Re8 19. Nf3 Qd7 20. Rd1 Re7 21. Nh4
Rae8 22. Nf5 Re6 23. Kf1 g6 24. Nh4 Qc7 25. Nf3 Ne4 26. Nb5 Qb6 27. Nc3 Qa6+ 28.
Kg1 Qc4 29. Nd2 Nxd2 30. Qxd2 d5 31. b3 Qb4 32. Rb1 f5 33. g3 Rd8 34. Qc1 b6 35.
a3 Qf8 36. Bg5 Rde8 37. Be3 Qd6 38. Ne2 Rc8 39. b4 Qd7 40. Qd1 Qb7 41. Qd3 Rce8
42. Rb2 Qe7 43. Kf1 Rf8 44. Rc2 g5 45. Qd2 h6 46. Rb2 Qd7 47. h4 Qg7 48. hxg5
hxg5 49. Bxg5 Qh7 50. Bh4 Rg6 51. Nf4 Rd6 52. Qe3 Rd7 53. Rc2 Qh6 54. Re2 Kh8
1-0

[Event "XXV OOM - Mistrzostwa Polski Juniorow Mlodszych - Dziewczeta do lat 14"]
[Site "Sielpia"]
[Date "1899-12-30"]
[Round "7.12"]
[White "Nowak, Roksana"]
[Black "Kieca, Aleksandra"]
[Result "1-0"]
[WhiteTitle "I"]
[BlackTitle "I"]
[WhiteElo "1356"]
[BlackElo "1475"]

1. f4 d5 2. Nf3 Nf6 3. b3 g6 4. Bb2 Bg7 5. e3 O-O 6. Be2 c5 7. O-O Nc6 8. Bb5 Qb6
9. Bxc6 Qxc6 10. Qe1 Bf5 11. d3 Qb6 12. Nbd2 Rac8 13. h3 Be6 14. Ng5 Bd7 15. g4
Qc7 16. a4 a6 17. a5 c4 18. bxc4 dxc4 19. Nxc4 Bb5 20. Nb6 Rcd8 21. c4 Bc6 22.
Be5 Rd6 23. c5 h6 24. Nf3 Bxf3 25. cxd6 exd6 26. Bxf6 Bxf6 27. Rc1 Bc6 28. Nd5
Qd8 29. Nxf6+ Qxf6 30. Qc3 Qh4 31. Kh2 Bd7 32. Qe1 Qf6 33. Qf2 Re8 34. e4 Bb5
35. Rfd1 Rd8 36. Kg3 Bc6 37. h4 Qe7 38. Qd4 Kh7 39. Rf1 h5 40. g5 Qd7 41. f5 Qc7
42. Kg2 Qd7 43. Kg1 Kg8 44. Rf4 Qc7 45. fxg6 fxg6 46. Qc4+ Kh8 47. Rf7 Qc8 48.
Qd4+ 1-0

[Event "XXV OOM - Mistrzostwa Polski Juniorow Mlodszych - Dziewczeta do lat 14"]
[Site "Sielpia"]
[Date "1899-12-30"]
[Round "7.13"]
[White "Walendykiewicz, Martyna"]
[Black "Gaczol, Julia"]
[Result "0-1"]
[WhiteTitle "I"]
[BlackTitle "I"]
[WhiteElo "1175"]
[BlackElo "1394"]

1. e4 c5 2. Nf3 e6 3. d4 cxd4 4. Nxd4 a6 5. Nc3 Nf6 6. Bd3 d6 7. O-O Be7 8. Re1
Qc7 9. Bd2 b5 10. a3 Nbd7 11. h3 Bb7 12. Kh1 d5 13. Qc1 Bc5 14. Be3 dxe4 15. Bf1
O-O 16. Nde2 Nb6 17. Ng3 Bxe3 18. Qxe3 Nbd5 19. Nxd5 exd5 20. c3 Rfd8 21. Rad1
Nd7 22. Nf5 Qe5 23. Nd4 Nb6 24. Nc6 Bxc6 25. Qxb6 Qe6 26. Be2 f5 27. b3 Bd7 28.
Qxe6+ Bxe6 29. f3 Rac8 30. Rc1 Rc7 31. fxe4 dxe4 32. Bd1 Rd3 33. Re2 Rcxc3 34.
Rxc3 Rxc3 35. Rc2 Rxc2 36. Bxc2 Kf7 37. Kg1 Kf6 38. Kf2 Ke5 39. Ke3 f4+ 40. Ke2
Kd4 41. Kd2 g5 42. Bd1 Bd5 43. Ke2 Kc3 44. b4 Bc4+ 45. Ke1 e3 46. Bf3 Kb3 47.
Bb7 Kxa3 48. Bxa6 Kxb4 49. Bb7 Kc3 50. Be4 b4 51. Bxh7 b3 52. Kd1 b2 53. Bb1 Bd3
54. Ba2 Be4 55. g4 fxg3 56. Ke2 g2 0-1

[Event "XXV OOM - Mistrzostwa Polski Juniorow Mlodszych - Dziewczeta do lat 14"]
[Site "Sielpia"]
[Date "1899-12-30"]
[Round "7.14"]
[White "Arciszewska, Zuzanna"]
[Black "Hals, Emilia"]
[Result "1/2-1/2"]
[WhiteTitle "I"]
[BlackTitle "I"]
[WhiteElo "1370"]
[BlackElo "1293"]

1. e4 d5 2. exd5 Qxd5 3. Nc3 Qd6 4. Nf3 Nf6 5. d4 a6 6. Be3 g6 7. h3 Bg7 8. Bc4
b5 9. Bd3 Bb7 10. O-O O-O 11. Qe2 Nbd7 12. Bd2 Bxf3 13. Qxf3 Qxd4 14. Rfe1 e6
15. a3 c5 16. Rad1 Ne5 17. Qg3 Nh5 18. Qe3 Nxd3 19. cxd3 Rfd8 20. Qxd4 Bxd4 21.
Be3 Bxe3 22. fxe3 Nf6 23. e4 Rd7 24. e5 Nd5 25. Ne4 Rc7 26. Rc1 Rac8 27. Nd6 Rd8
28. Rc2 Nb6 29. Rec1 Nc8 30. Ne4 Rxd3 31. Nf6+ Kh8 32. Rxc5 Rd1+ 33. Rxd1 Rxc5
34. Rd8+ Kg7 35. Rg8+ Kh6 36. Ng4+ Kg5 37. Rf8 h5 38. Nf2 Rc7 39. Nd3 Kf5 40.
Nb4 Kxe5 41. Nxa6 Ra7 42. Rxc8 Rxa6 43. Rc5+ Kf4 44. Rxb5 e5 45. Kf2 Rd6 46. g3+
Ke4 47. Ke2 Rd4 48. Rb3 f6 49. Re3+ Kf5 50. b4 e4 51. Rc3 Ke5 52. Ke3 f5 53. h4
Rd1 54. Kxe4+ 1/2-1/2

[Event "XXV OOM - Mistrzostwa Polski Juniorow Mlodszych - Dziewczeta do lat 14"]
[Site "Sielpia"]
[Date "1899-12-30"]
[Round "7.15"]
[White "Bychowska, Marta"]
[Black "Bugaj, Hanna"]
[Result "1-0"]
[WhiteTitle "II"]
[BlackTitle "I"]
[WhiteElo "1235"]
[BlackElo "1363"]

1. e4 e6 2. d4 d5 3. exd5 exd5 4. Nf3 Nc6 5. Bd3 Bg4 6. c3 Nf6 7. h3 Bh5 8. Nbd2
Bd6 9. Qe2+ Qe7 10. Qxe7+ Bxe7 11. O-O O-O 12. Re1 Rfe8 13. b3 Bd6 14. Bb2 Bg6
15. Bxg6 hxg6 16. Rxe8+ Rxe8 17. Re1 Rxe1+ 18. Nxe1 Nd8 19. Nd3 Ne6 20. Ne5 Kf8
21. Kf1 Ke7 22. Kg1 Nd7 23. Nxd7 Kxd7 24. Nf3 Nf4 25. Ne1 Ke6 26. Kf1 b6 27. b4
c5 28. bxc5 bxc5 29. dxc5 Bxc5 30. Bc1 g5 31. h4 f6 32. hxg5 fxg5 33. g3 Ng6 34.
Bxg5 Kf5 35. Bd2 Ne5 36. Nc2 Ke4 37. Be3 Bxe3 38. Nxe3 Nd3 39. c4 d4 40. Nc2 Nb2
41. c5 Kd5 42. c6 Kxc6 43. Nxd4+ Kd7 44. Ke2 Nc4 45. f4 Ke8 46. Nc6 Kd7 47. Nxa7
Na3 48. Kd3 Ke6 49. Nc6 Kf5 50. Nd4+ Kg4 51. Ne2 Kf3 52. f5 Nb1 53. a4 Na3 54.
Nd4+ Kxg3 55. a5 Kf4 56. a6 Ke5 57. a7 1-0

[Event "XXV OOM - Mistrzostwa Polski Juniorow Mlodszych - Dziewczeta do lat 14"]
[Site "Sielpia"]
[Date "1899-12-30"]
[Round "7.16"]
[White "Pietrzak, Emilia"]
[Black "Czerwinska, Oliwia"]
[Result "1/2-1/2"]
[WhiteTitle "I"]
[BlackTitle "I"]
[WhiteElo "1230"]
[BlackElo "1303"]

1. e4 e5 2. Nc3 Nc6 3. f4 exf4 4. Nf3 g5 5. h3 Bg7 6. d4 d6 7. Bc4 Bd7 8. b3 Qe7
9. Bb2 O-O-O 10. Qd2 f5 11. O-O-O h6 12. exf5 Bxf5 13. Rhe1 Qf8 14. Nd5 Nf6 15.
Nxf6 Qxf6 16. Re2 Rhe8 17. Rde1 Rxe2 18. Rxe2 Bd7 19. Qe1 Qf8 20. d5 Bxb2+ 21.
Kxb2 Qf6+ 22. c3 Na5 23. Bd3 Bf5 24. Bxf5+ Qxf5 25. c4 Qf6+ 26. Kb1 b6 27. Re6
Qf8 28. Re7 Qf6 29. Re6 Qf8 30. Re7 Qf6 31. Re6 Qf8 32. Re7 Qf6 33. Re8 Kd7 1/2-1/2

[Event "XXV OOM - Mistrzostwa Polski Juniorow Mlodszych - Dziewczeta do lat 14"]
[Site "Sielpia"]
[Date "1899-12-30"]
[Round "7.17"]
[White "Baran, Dagmara"]
[Black "Olszewska, Wiktoria"]
[Result "0-1"]
[WhiteTitle "I"]
[BlackTitle "I"]
[WhiteElo "1244"]
[BlackElo "1306"]

1. e4 c6 2. d4 d5 3. Nc3 dxe4 4. Nxe4 Bf5 5. Ng3 Bg6 6. h4 h6 7. h5 Bh7 8. Nf3
e6 9. Bd3 Bxd3 10. Qxd3 Nf6 11. Bd2 c5 12. O-O-O Nc6 13. Be3 Qd5 14. c4 Qd8 15.
dxc5 Qa5 16. Ne4 Rd8 17. Nxf6+ gxf6 18. Qb3 Bxc5 19. Bxc5 Qxc5 20. Rxd8+ Nxd8
21. Qc2 Nc6 22. Qe2 Ke7 23. Nd2 b5 24. Rh4 Ne5 25. Kb1 bxc4 26. Nxc4 Rc8 27. b3
Nxc4 28. Rxc4 Qf5+ 29. Qc2 Qxc2+ 30. Rxc2 Rd8 31. Kc1 f5 32. Rc7+ Rd7 33. Rxd7+
Kxd7 34. Kd2 f4 35. Ke2 e5 36. Kd3 Ke6 37. b4 Kd5 38. f3 f5 39. a3 e4+ 40. Kc3
e3 41. Kd3 a5 42. bxa5 Kc6 43. a6 Kb6 44. a7 Kxa7 45. g4 fxg3 46. Kxe3 f4+ 47.
Ke2 Ka6 48. Kf1 Ka5 49. Ke1 Ka4 50. Kf1 Kxa3 51. Ke2 Kb3 52. Ke1 Kc3 53. Kf1 Kd3
54. Kg1 Ke3 55. Kg2 Ke2 56. Kg1 Kxf3 57. Kf1 g2+ 58. Kg1 Ke2 59. Kxg2 f3+ 60.
Kg1 f2+ 61. Kh2 f1=Q 0-1

[Event "XXV OOM - Mistrzostwa Polski Juniorow Mlodszych - Dziewczeta do lat 14"]
[Site "Sielpia"]
[Date "1899-12-30"]
[Round "7.18"]
[White "Garbowska, Maja"]
[Black "Matusik, Zuzanna"]
[Result "1/2-1/2"]
[WhiteTitle "I"]
[BlackTitle "I"]
[WhiteElo "1293"]
[BlackElo "1226"]

1. e4 e5 2. Nf3 Nc6 3. Bc4 Bc5 4. d3 Nf6 5. O-O d6 6. h3 h6 7. c3 O-O 8. Bb3 Be6
9. Bc2 Bb6 10. Re1 Ne7 11. Nbd2 Ng6 12. Nf1 Nh5 13. Nxe5 Qf6 14. Nf3 Nh4 15. N1h2
Nxf3+ 16. Qxf3 Qg6 17. d4 Rfe8 18. Bd2 Nf6 19. Bd3 Qh5 20. Qxh5 Nxh5 21. Nf3 d5
22. e5 g5 23. Bc2 Kh8 24. Nh2 c5 25. Be3 Rac8 26. Rac1 c4 27. Bd2 Rf8 28. Ng4
Kg7 29. Ne3 Rcd8 30. Nf5+ Bxf5 31. Bxf5 Kh8 32. h4 gxh4 33. Bxh6 Rg8 34. f4 Rde8
1/2-1/2

[Event "XXV OOM - Mistrzostwa Polski Juniorow Mlodszych - Dziewczeta do lat 14"]
[Site "Sielpia"]
[Date "1899-12-30"]
[Round "7.19"]
[White "Uliasz, Katarzyna"]
[Black "Trybus, Dominika"]
[Result "1/2-1/2"]
[WhiteTitle "I"]
[BlackTitle "II+"]
[WhiteElo "1270"]
[BlackElo "1219"]

1. Nf3 Nf6 2. g3 g6 3. Bg2 Bg7 4. O-O d6 5. d3 Nc6 6. Nbd2 O-O 7. e4 e5 8. Nc4
Be6 9. Ne3 Qe7 10. Ng5 Nd7 11. Nxe6 fxe6 12. h4 h5 13. Bh3 Nd4 14. f3 Rf7 15.
c3 Nc6 16. Ng2 Raf8 17. Bg5 Bf6 18. Bxf6 Rxf6 19. Qe2 Qf7 20. f4 Nc5 21. b4 Nd7
22. fxe5 Ndxe5 23. Rxf6 Qxf6 24. Nf4 Nd8 25. Rf1 Qe7 26. d4 Nec6 27. Kh2 Kg7 28.
b5 Nb8 29. a4 Nd7 30. Nd3 Rxf1 31. Qxf1 1/2-1/2

[Event "XXV OOM - Mistrzostwa Polski Juniorow Mlodszych - Dziewczeta do lat 14"]
[Site "Sielpia"]
[Date "1899-12-30"]
[Round "7.20"]
[White "Straczek, Wiktoria"]
[Black "Pacho, Maria"]
[Result "1-0"]
[WhiteTitle "I"]
[BlackTitle "II"]
[WhiteElo "1257"]
[BlackElo "1166"]

1. e4 d6 2. Nc3 Nf6 3. f4 g6 4. Nf3 Bg7 5. Bc4 O-O 6. d3 Nbd7 7. O-O c5 8. Qe1
a6 9. a3 b5 10. Ba2 Bb7 11. Qh4 e6 12. f5 exf5 13. exf5 Ne8 14. fxg6 hxg6 15.
Ng5 Nef6 16. Bd2 c4 17. dxc4 Qb6+ 18. Kh1 Qc6 19. Nd5 Rae8 20. Rxf6 1-0

[Event "XXV OOM - Mistrzostwa Polski Juniorow Mlodszych - Dziewczeta do lat 14"]
[Site "Sielpia"]
[Date "1899-12-30"]
[Round "7.21"]
[White "Scisla, Oliwia"]
[Black "Franek, Diana"]
[Result "0-1"]
[WhiteTitle "I++"]
[BlackTitle "II"]
[WhiteElo "1413"]
[BlackElo "1256"]

1. e4 e5 2. Nf3 Nc6 3. Bc4 Bc5 4. O-O Nf6 5. d4 exd4 6. e5 d5 7. exf6 dxc4 8. fxg7
Rg8 9. Re1+ Be6 10. Bg5 Qd7 11. Bf6 d3 12. cxd3 cxd3 13. Ng5 h6 14. Nxe6 fxe6
15. Qh5+ Qf7 16. Rxe6+ Be7 17. Qf5 Rd8 18. Nd2 Nd4 19. Rae1 Nxf5 20. g4 Rxg7 21.
Bxg7 Qxg7 22. f3 Rd7 23. Kf2 0-1

[Event "XXV OOM - Mistrzostwa Polski Juniorow Mlodszych - Dziewczeta do lat 14"]
[Site "Sielpia"]
[Date "1899-12-30"]
[Round "7.22"]
[White "Lajdamik, Anna"]
[Black "Retz, Agnieszka"]
[Result "1-0"]
[WhiteTitle "I"]
[BlackTitle "II+"]
[WhiteElo "1279"]
[BlackElo "1263"]

1. e4 c5 2. d4 cxd4 3. c3 dxc3 4. Nxc3 e6 5. Nf3 d6 6. Bc4 a6 7. O-O Be7 8. Bf4
Nf6 9. Qe2 Qc7 10. e5 Nfd7 11. exd6 Bxd6 12. Bxd6 Qxd6 13. Rfd1 Qe7 14. Rd4 Nf6
15. Rad1 O-O 16. Nd5 Nxd5 17. Rxd5 Qf6 18. Rh5 Nc6 19. Qe4 Qg6 20. Qh4 h6 21.
Bd3 f5 22. Bc4 b5 23. Bb3 Bb7 24. Qh3 Na5 25. Ne5 Qe8 26. Rd7 Rd8 27. Rxh6 gxh6
28. Qg3+ 1-0

[Event "XXV OOM - Mistrzostwa Polski Juniorow Mlodszych - Dziewczeta do lat 14"]
[Site "Sielpia"]
[Date "1899-12-30"]
[Round "7.23"]
[White "Reszka, Zofia"]
[Black "Grzyb, Anna"]
[Result "1-0"]
[WhiteTitle "I"]
[BlackTitle "I"]
[WhiteElo "1199"]
[BlackElo "1266"]

1. e4 c5 2. Nf3 Nc6 3. d4 cxd4 4. Nxd4 Nf6 5. Nc3 e5 6. Ndb5 d6 7. Bd3 a6 8. Na3
d5 9. exd5 Nxd5 10. Nc4 Nxc3 11. bxc3 b5 12. Ne3 Bc5 13. O-O O-O 14. Kh1 Qh4 15.
g3 Qh3 16. Be4 Bb7 17. Qf3 Qe6 18. Nf5 Rad8 19. Bh6 Ne7 20. Nxe7+ Bxe7 21. Bxb7
Qxh6 22. Rfe1 Qe6 23. Qe3 Rd7 24. Bg2 Bf6 25. g4 g6 26. g5 Bg7 27. a4 bxa4 28.
Rxa4 Rfd8 29. Re4 Qa2 30. Qc1 a5 31. Bf1 Qd5 32. Kg1 Rc7 33. c4 Qc5 34. c3 a4
35. Rd1 Rcd7 36. Rd5 Rxd5 37. cxd5 Rxd5 38. Rxa4 e4 39. h4 Bxc3 40. Rc4 Qe7 41.
Qxc3 Rd8 42. Rc8 Rxc8 43. Qxc8+ Kg7 44. Qc3+ Kg8 45. Bg2 Qd7 46. Qe1 Qg4 47. Qxe4
Qxe4 48. Bxe4 Kg7 49. Kg2 f6 50. gxf6+ Kxf6 51. f4 h6 52. Kg3 h5 53. Bc2 Kf7 54.
Kf3 Kg7 55. Ke4 Kf6 56. Kd5 Kg7 57. Ke6 Kh7 58. Kf6 Kh6 59. Bd3 Kh7 60. Bxg6+
Kh6 61. Bxh5 Kh7 62. Ke7 1-0

[Event "XXV OOM - Mistrzostwa Polski Juniorow Mlodszych - Dziewczeta do lat 14"]
[Site "Sielpia"]
[Date "1899-12-30"]
[Round "7.24"]
[White "Maslewska, Anna"]
[Black "Kulpa, Karolina"]
[Result "1/2-1/2"]
[WhiteTitle "I"]
[BlackTitle "I"]
[WhiteElo "1117"]
[BlackElo "1381"]

1. e4 d6 2. d4 Nf6 3. Nc3 e5 4. dxe5 dxe5 5. Qxd8+ Kxd8 6. Nf3 Bd6 7. Bg5 Be6 8.
O-O-O Nc6 9. h3 h6 10. Bxf6+ gxf6 11. Nb5 Ke7 12. Nxd6 cxd6 13. Kb1 Rac8 14. a3
Rc7 15. Rd2 Rhc8 16. Be2 Na5 17. Rhd1 Nc4 18. Bxc4 Rxc4 19. Rxd6 Rxc2 20. R6d2
Rxd2 21. Rxd2 Rc4 22. Re2 Bd7 23. Nd2 Rd4 24. Nb3 Rd1+ 25. Ka2 Be6 26. Rc2 Kd7
27. a4 Rd4 28. Ka3 Bxb3 29. Kxb3 Rxe4 30. Rc4 Rxc4 31. Kxc4 Kc6 32. b3 f5 33.
g3 a6 34. a5 f6 35. h4 h5 36. b4 e4 37. Kb3 Kd5 38. Kc3 Ke5 39. Kc4 e3 40. fxe3
Ke4 41. Kc5 Kxe3 42. Kb6 Kf3 43. Kxb7 Kxg3 44. b5 f4 45. bxa6 f3 46. a7 f2 47.
a8=Q f1=Q 48. Qg8+ Kxh4 1/2-1/2

[Event "XXV OOM - Mistrzostwa Polski Juniorow Mlodszych - Dziewczeta do lat 14"]
[Site "Sielpia"]
[Date "1899-12-30"]
[Round "7.25"]
[White "Szewc, Dobromila"]
[Black "Kot, Marta"]
[Result "1-0"]
[WhiteTitle "I"]
[BlackTitle "II"]
[WhiteElo "1036"]
[BlackElo "1218"]

1. e4 e5 2. Nf3 Nc6 3. Bc4 Bc5 4. c3 Nf6 5. d3 O-O 6. O-O d5 7. exd5 Nxd5 8. Re1
Bg4 9. b4 Be7 10. h3 Bh5 11. g4 Bg6 12. Nxe5 Nxe5 13. Rxe5 Nb6 14. Bb3 Bd6 15.
Re1 Bxd3 16. Nd2 Bg6 17. Nf3 Re8 18. Bg5 Rxe1+ 19. Qxe1 Qe8 20. a4 Qc6 21. Nd4
Qe8 22. Nb5 Qf8 23. Rd1 a6 24. Nxd6 cxd6 25. Be7 Qe8 26. Bxd6 Qxe1+ 27. Rxe1 Rc8
28. Re3 h6 29. f4 Rc6 30. Bc5 Kh8 31. f5 Bh7 32. Re8+ Bg8 33. Bxf7 Rc8 34. Rxg8+
Rxg8 35. Bxg8 Nxa4 36. Bd5 b6 37. Bd4 b5 38. Kf2 Kh7 39. Ke2 Nb2 40. Kd2 Na4 41.
Kc2 Kh8 42. Bb3 Kh7 43. Bxa4 bxa4 44. Kb2 g6 45. fxg6+ Kxg6 46. Ka3 Kg5 47. Kxa4
Kh4 48. c4 Kxh3 49. c5 Kxg4 50. Be5 Kf5 51. Bb8 Ke6 52. Ka5 Kd7 53. Kxa6 Kc6 54.
Bd6 h5 55. b5+ Kd7 56. b6 h4 57. b7 h3 58. b8=Q h2 59. Bxh2 Ke6 60. Qe5+ Kd7 61.
Qd6+ Ke8 62. c6 Kf7 63. c7 Kg7 64. c8=R Kf7 65. Rc7+ Ke8 66. Qe7# 1-0

[Event "XXV OOM - Mistrzostwa Polski Juniorow Mlodszych - Dziewczeta do lat 14"]
[Site "Sielpia"]
[Date "1899-12-30"]
[Round "7.26"]
[White "Kaznowska, Kinga"]
[Black "Sivickis, Kornelia"]
[Result "1-0"]
[WhiteTitle "II+"]
[BlackTitle "I"]
[WhiteElo "1037"]
[BlackElo "1209"]

1. e4 c5 2. Nf3 e6 3. Nc3 a6 4. d4 cxd4 5. Nxd4 Qc7 6. Bd3 Nf6 7. O-O Be7 8. h3
O-O 9. Bg5 h6 10. Bh4 Re8 11. Re1 Nc6 12. Nxc6 Qxc6 13. e5 Nd5 14. Nxd5 Qxd5 15.
Bxe7 Rxe7 16. c4 Qc5 17. Rc1 Qb6 18. b3 Qd8 19. Qf3 Rb8 20. Rcd1 b6 21. Qe2 a5
22. Qc2 Bb7 23. a4 Kh8 24. Be4 Re8 25. Qd3 Re7 26. Qf3 Bxe4 27. Rxe4 Qe8 28. Qd3
Rb7 29. Rd4 Qc8 30. Rd6 Qc7 31. Qd4 Kh7 32. f4 Kh8 33. Rc1 Qc5 34. Qxc5 bxc5 35.
Rc3 Ra7 36. Rb6 Re8 37. Rb5 Rc8 38. Rd3 Kh7 39. Rd6 Rcc7 40. Kf2 Kg6 41. Kf3 h5
42. h4 Kf5 43. g3 Kg6 44. g4 hxg4+ 45. Kxg4 f5+ 46. Kg3 Kh6 47. Rbb6 Rc8 48. Ra6
Rca8 49. Rxa7 Rxa7 50. Rb6 Ra8 51. Rb5 Ra7 52. Rxc5 Kg6 53. Rb5 Kf7 54. h5 Ke7
55. Kh4 Kf7 56. Kg5 Ra8 57. Rb7 Ke7 58. Kg6 Rg8 59. Kg5 Ra8 60. Kg6 Rg8 61. Rb5
Ra8 62. Kxg7 Ra7 63. h6 d5 64. cxd5 exd5 65. h7 Ke6+ 66. Kg6 Ra8 67. Rb6+ Kd7
68. Kg7 Kc7 69. Rf6 d4 70. Rf8 d3 71. h8=Q Rxf8 72. Kxf8 d2 73. Qh1 d1=Q 74. Qxd1
Kc6 75. Qd6+ Kb7 76. Qc5 Ka6 77. Qb5+ Ka7 78. Ke7 Ka8 79. Kd7 Ka7 80. Kc7 1-0

[Event "XXV OOM - Mistrzostwa Polski Juniorow Mlodszych - Dziewczeta do lat 14"]
[Site "Sielpia"]
[Date "1899-12-30"]
[Round "8.1"]
[White "Wikar, Martyna"]
[Black "Rejniak, Zuzanna"]
[Result "1-0"]
[WhiteTitle "k"]
[BlackTitle "k"]
[WhiteElo "2044"]
[BlackElo "1904"]

1. e4 c6 2. d4 d5 3. exd5 cxd5 4. Bd3 Nc6 5. c3 g6 6. Bf4 Bg7 7. Nf3 Nh6 8. O-O
f6 9. Re1 O-O 10. c4 Nf7 11. cxd5 Nb4 12. Nc3 Nxd5 13. Nxd5 Qxd5 14. Rxe7 Bf5
15. b3 Bxd3 16. Qxd3 Rac8 17. Rae1 Rfd8 18. h3 Nd6 19. Bxd6 Rxd6 20. Qe4 Qxe4
21. R1xe4 f5 22. Re2 Rb8 23. Rc7 Bf6 24. g3 a5 25. h4 b6 26. Ng5 h6 27. Nf7 Rxd4
28. Nxh6+ Kh8 29. Re6 Rf8 30. Nf7+ Kg7 31. Ng5+ Kg8 32. Nh7 Bd8 33. Rxg6+ Kh8
34. Rb7 Rg8 35. Nf6 Rxg6 36. Rh7# 1-0

[Event "XXV OOM - Mistrzostwa Polski Juniorow Mlodszych - Dziewczeta do lat 14"]
[Site "Sielpia"]
[Date "1899-12-30"]
[Round "8.2"]
[White "Starosta, Martyna"]
[Black "Barwinska, Ewa"]
[Result "1/2-1/2"]
[WhiteTitle "WCM"]
[BlackTitle "I++"]
[WhiteElo "1672"]
[BlackElo "1622"]

1. e4 c5 2. Nf3 d6 3. Nc3 Nf6 4. e5 dxe5 5. Nxe5 Nbd7 6. d4 e6 7. Bb5 a6 8. Bxd7+
Nxd7 9. O-O Be7 10. Qf3 O-O 11. Nxd7 Qxd7 12. d5 Bf6 13. Ne4 Bd4 14. dxe6 fxe6
15. Qe2 Qc7 16. c3 Be5 17. h3 b6 18. Bd2 Bd7 19. Qg4 Bf4 20. Rad1 e5 21. Qe2 Bc6
22. Bxf4 exf4 23. f3 Qf7 24. b3 Rae8 25. Qxa6 Bxe4 26. fxe4 Qg6 27. Qc4+ Kh8 28.
Rf3 h6 29. Rdf1 Rxe4 30. Qd3 Qe6 31. h4 Qe7 32. Rh3 Rd8 33. Qf3 1/2-1/2

[Event "XXV OOM - Mistrzostwa Polski Juniorow Mlodszych - Dziewczeta do lat 14"]
[Site "Sielpia"]
[Date "1899-12-30"]
[Round "8.3"]
[White "Zabrzanska, Weronika"]
[Black "Krzyzosiak, Anna"]
[Result "1-0"]
[WhiteTitle "I++"]
[BlackTitle "I++"]
[WhiteElo "1763"]
[BlackElo "1528"]

1. e4 c5 2. Nf3 d6 3. c3 Nf6 4. h3 g6 5. Bd3 Bg7 6. Bc2 Nbd7 7. d4 O-O 8. O-O a6
9. a4 b6 10. e5 Ne8 11. Be4 Rb8 12. Ng5 cxd4 13. e6 Ne5 14. cxd4 f6 15. Nxh7 Kxh7
16. dxe5 f5 17. Bc2 Bxe5 18. Nd2 Bxe6 19. Nf3 Bf6 20. Qe2 Qc8 21. Bd3 a5 22. Ng5+
Bxg5 23. Bxg5 Rf7 24. Ba6 Qd7 25. Bb5 Qc8 26. Bxe8 Bc4 27. Qc2 Rf8 28. Rfc1 Qxe8
29. Qxc4 Kg7 30. Qd4+ Kh7 31. Qh4+ Kg8 32. Bxe7 Rf7 33. Bxd6 Rc8 34. Rxc8 Qxc8
35. Qf4 Rd7 36. Rc1 1-0